000
00313nam a22001457a 4500
008
210225b ||||| |||| 00| 0 eng d
020
_a
9780471383116
041
_a
eng
080
_2
3rd
_a
541
082
_a
541
100
_a
12
101
_a
KIM
245
_a
Physical Chemistry
_c
Alberty, S
942
_2
udc
_c
BK
999
_c
55221
_d
55221